[Event "LES BETISES DE CAMBRAI - 2024"]
[Site "CAMBRAI, 1 rue du Temple"]
[Date "2024.06.29"]
[Round "1.1"]
[White "Boyer, Mahel"]
[Black "Van Foreest, Machteld"]
[Result "1/2-1/2"]
[WhiteElo "2455"]
[BlackElo "2312"]
[PlyCount "61"]
[EventDate "2024.??.??"]
[WhiteTeam "L'Echiquier du Roy René"]

{[%evp 0,61,19,27,26,-27,-15,-17,14,10,28,14,16,-29,-16,-5,10,5,15,-13,20,2,-3,-4,19,13,19,16,18,-32,-11,-6,30,-11,74,68,123,113,93,84,103,103,94,97,121,60,99,72,69,60,74,74,93,65,84,87,77,-10,109,78,94,52,74,84]} 1. Nf3 d5 2. g3 Nf6 3. Bg2 e6 4. O-O c5 5. c4 d4 6. e3 Nc6 7. d3 Be7 8. exd4 cxd4 9. Na3 O-O 10. Nc2 e5 11. Re1 Qc7 12. b4 Bg4 13. b5 Nb4 14. Bg5 Nxc2 15. Qxc2 h6 16. Bd2 Nd7 17. Nxd4 Bf6 18. Nb3 Rac8 19. Rac1 Be6 20. a4 Rfd8 21. a5 Be7 22. Be3 Bb4 23. Red1 Bg4 24. Rf1 b6 25. axb6 axb6 26. Ra1 Bc5 27. Nxc5 Nxc5 28. Rfe1 Qd7 29. Bxc5 Rxc5 30. Ra6 Bf5 31. Rxb6 1/2-1/2

[Event "LES BETISES DE CAMBRAI - 2024"]
[Site "CAMBRAI, 1 rue du Temple"]
[Date "2024.06.29"]
[Round "1.3"]
[White "Muetsch, Annmarie"]
[Black "Dobrikov, Marco"]
[Result "0-1"]
[WhiteElo "2290"]
[BlackElo "2359"]
[PlyCount "95"]
[EventDate "2024.??.??"]
[WhiteTeam "Vandoeuvre-Echecs"]

1. d4 d5 2. c4 e6 3. Nf3 Nf6 4. g3 b6 5. Bg2 Bb7 6. O-O Bd6 7. Nc3 O-O 8. e4 Nxe4 9. Nxe4 dxe4 10. Ng5 Be7 11. Nxe4 Qc8 12. Be3 Nd7 13. d5 Ne5 14. Bd4 Nxc4 15. b3 Nd6 16. Nxd6 cxd6 17. Rc1 Qb8 18. dxe6 fxe6 19. Qg4 e5 20. Qd7 Bxg2 21. Kxg2 Qe8 22. Rc7 Qxd7 23. Rxd7 Kf7 24. Bb2 Ke6 25. Rc7 Rfc8 26. Rfc1 Rxc7 27. Rxc7 Bf6 28. f4 h5 29. Bc3 Kf5 30. fxe5 dxe5 31. Kf2 a5 32. a4 h4 33. Rc6 Rb8 34. gxh4 Bxh4+ 35. Ke2 Be7 36. h3 Bf6 37. Bd2 b5 38. Bxa5 Ra8 39. b4 bxa4 40. Rc3 e4 41. Ra3 Rh8 42. Bb6 Ra8 43. Ba5 Rh8 44. Bb6 Ke5 45. Kf2 Rh6 46. Ba5 e3+ 47. Ke2 Rxh3 48. Rxa4 0-1

[Event "LES BETISES DE CAMBRAI - 2024"]
[Site "CAMBRAI, 1 rue du Temple"]
[Date "2024.06.29"]
[Round "1.4"]
[White "Rodriguez, Adrien"]
[Black "Slagboom, Leandro"]
[Result "1/2-1/2"]
[WhiteElo "2354"]
[BlackElo "2325"]
[PlyCount "116"]
[EventDate "2024.??.??"]
[WhiteTeam "J.E.E.N."]

1. d4 d5 2. c4 e6 3. Nf3 Nf6 4. g3 Bb4+ 5. Bd2 a5 6. Bg2 O-O 7. O-O dxc4 8. Qc2 Bxd2 9. Nfxd2 Qxd4 10. Nxc4 Nc6 11. Nba3 Bd7 12. Qb3 Rab8 13. Rac1 b5 14. Nxb5 Qg4 15. Bxc6 Bxc6 16. Ne5 Qxe2 17. Nxc6 Rxb5 18. Qa3 Rh5 19. Ne7+ Kh8 20. Ng6+ hxg6 21. Qxf8+ Kh7 22. Qxf7 Ng4 23. Rxc7 Qxb2 24. Rb7 Qc3 25. Qc7 Qd4 26. Qf4 Qd5 27. Qf7 Qd4 28. Qf4 Qd5 29. Qxg4 Qxb7 30. Qxe6 Rb5 31. Re1 Qf3 32. Qe3 Qd5 33. Qe2 Rb4 34. Rd1 Qb7 35. Qe6 Rb5 36. Qh3+ Rh5 37. Qd7 Qf3 38. Qd3 Qc6 39. Qd7 Qf3 40. Rd4 Qa3 41. Qa4 Qb2 42. Rh4 Qe5 43. Qe4 Qc5 44. Rxh5+ Qxh5 45. Qh4 Qxh4 46. gxh4 g5 47. hxg5 Kg6 48. Kg2 Kxg5 49. Kg3 a4 50. f4+ Kf5 51. Kf3 a3 52. h3 g5 53. fxg5 Kxg5 54. Ke4 Kh4 55. Kd4 Kxh3 56. Kc4 Kg4 57. Kb4 Kf5 58. Kxa3 Ke6 1/2-1/2

[Event "LES BETISES DE CAMBRAI - 2024"]
[Site "CAMBRAI, 1 rue du Temple"]
[Date "2024.06.29"]
[Round "1.5"]
[White "Mekhane, Adam"]
[Black "Lesueur, Gabriel"]
[Result "1/2-1/2"]
[WhiteElo "2307"]
[BlackElo "2240"]
[PlyCount "95"]
[EventDate "2024.??.??"]
[WhiteTeam "Tremblay Athletique Club - TAC Echecs"]
[BlackTeam "Lille Université Club Echiquier du Nord"]

1. e4 e6 2. d4 d5 3. Nd2 c5 4. exd5 Qxd5 5. dxc5 Bxc5 6. Ngf3 Nf6 7. Bc4 Qh5 8. Qe2 Nc6 9. Nf1 Bd6 10. Ng3 Bxg3 11. fxg3 e5 12. Bg5 Bg4 13. Bxf6 gxf6 14. O-O Nd4 15. Qe4 Bxf3 16. gxf3 O-O-O 17. c3 f5 18. Qe3 f4 19. Qf2 fxg3 20. hxg3 Nc6 21. Rad1 Kb8 22. Kg2 Qg6 23. b4 e4 24. Bd5 exf3+ 25. Qxf3 Ne5 26. Qe4 Ng4 27. Qf4+ Ka8 28. Be4 Qe6 29. Rde1 Qxa2+ 30. Kh3 h5 31. Bg2 h4 32. Bxb7+ Kxb7 33. Qxf7+ Qxf7 34. Rxf7+ Kc6 35. Kxg4 Rdg8+ 36. Kf4 hxg3 37. Rg1 Kb6 38. Rxg3 Rxg3 39. Kxg3 Rc8 40. Rf3 a5 41. bxa5+ Kxa5 42. Kf2 Ka4 43. Ke2 Kb3 44. Kd2 Rd8+ 45. Rd3 Rh8 46. Re3 Rd8+ 47. Rd3 Rh8 48. Re3 1/2-1/2

[Event "LES BETISES DE CAMBRAI - 2024"]
[Site "CAMBRAI, 1 rue du Temple"]
[Date "2024.06.30"]
[Round "2.1"]
[White "Lucas, Arthur"]
[Black "Dobrikov, Marco"]
[Result "1-0"]
[WhiteElo "2323"]
[BlackElo "2359"]
[PlyCount "77"]
[EventDate "2024.??.??"]
[WhiteTeam "L'Echiquier Châlonnais"]

1. e4 c5 2. Nf3 d6 3. d4 cxd4 4. Nxd4 Nf6 5. Nc3 a6 6. Be2 e5 7. Nf3 Be7 8. Bg5 Nbd7 9. a4 h6 10. Be3 b6 11. Bc4 Bb7 12. Qd3 Qc7 13. O-O O-O 14. Rfd1 Rfd8 15. Nd2 Bf8 16. h3 g6 17. Nf1 Kg7 18. Rd2 Nc5 19. Bxc5 dxc5 20. Bd5 Nxd5 21. Nxd5 Bxd5 22. exd5 c4 23. Qc3 b5 24. axb5 axb5 25. Rxa8 Rxa8 26. b3 Bd6 27. bxc4 bxc4 28. Rd1 Ra3 29. Qb2 f5 30. Qb5 c3 31. Ne3 Ra5 32. Qe8 Rc5 33. Ra1 f4 34. Ra8 fxe3 35. Qh8+ Kf7 36. Rg8 Rxd5 37. Qh7+ Ke6 38. Rxg6+ Kf5 39. Rg7+ 1-0

[Event "LES BETISES DE CAMBRAI - 2024"]
[Site "CAMBRAI, 1 rue du Temple"]
[Date "2024.06.30"]
[Round "2.3"]
[White "Van Foreest, Machteld"]
[Black "Rodriguez, Adrien"]
[Result "1/2-1/2"]
[WhiteElo "2312"]
[BlackElo "2354"]
[PlyCount "111"]
[EventDate "2024.??.??"]
[BlackTeam "J.E.E.N."]

1. e4 c5 2. Nf3 e6 3. g3 Nc6 4. Bg2 Nf6 5. Qe2 e5 6. O-O Be7 7. c3 O-O 8. Rd1 d5 9. exd5 Qxd5 10. d3 Rd8 11. Ng5 Qd7 12. Na3 h6 13. Ne4 Nd5 14. Nc4 Qe6 15. a4 Rb8 16. Re1 Qg6 17. Ned2 f6 18. Be4 Qf7 19. Nf1 f5 20. Bg2 Bf6 21. Nfe3 Nde7 22. Na3 Na5 23. Nec4 Nxc4 24. Nxc4 Ng6 25. h4 Be6 26. h5 Nf8 27. Nxe5 Bxe5 28. Qxe5 Rbc8 29. d4 cxd4 30. cxd4 Bd5 31. Bf4 Bxg2 32. Kxg2 Rd5 33. Qe3 Rcd8 34. Be5 Ne6 35. Rac1 Nxd4 36. Rc7 R5d7 37. Rxd7 Qxd7 38. Bxd4 Qxd4 39. Qe6+ Kh8 40. Qxf5 Qxa4 41. Re7 Qc6+ 42. Kh2 Qb6 43. Qf7 Qxb2 44. Rxb7 Qe5 45. Rxa7 Qd4 46. Re7 Rg8 47. Re6 Qc5 48. Re7 Qd4 49. Kg2 Qd8 50. g4 Qa8+ 51. f3 Qc6 52. Qg6 Qb5 53. g5 Qxg5+ 54. Qxg5 hxg5 55. Re5 g6 56. Rxg5 1/2-1/2

[Event "LES BETISES DE CAMBRAI - 2024"]
[Site "CAMBRAI, 1 rue du Temple"]
[Date "2024.06.30"]
[Round "2.4"]
[White "Slagboom, Leandro"]
[Black "Mekhane, Adam"]
[Result "0-1"]
[WhiteElo "2325"]
[BlackElo "2307"]
[PlyCount "130"]
[EventDate "2024.??.??"]
[BlackTeam "Tremblay Athletique Club - TAC Echecs"]

1. d4 Nf6 2. c4 e6 3. Nc3 Bb4 4. e3 O-O 5. Bd3 c5 6. Nge2 cxd4 7. exd4 d5 8. cxd5 Qxd5 9. O-O Qd7 10. Ne4 Be7 11. Qc2 h6 12. a3 b6 13. Be3 Bb7 14. N2g3 Nc6 15. Rad1 Nxe4 16. Bxe4 f5 17. d5 fxe4 18. dxc6 Qxc6 19. Qe2 e5 20. Qg4 Bc8 21. Qh5 Qe6 22. Nxe4 Qf5 23. Qxf5 Bxf5 24. f3 Rfd8 25. Kf2 Kf7 26. Rxd8 Rxd8 27. Rc1 Rc8 28. Rxc8 Bxc8 29. Nc3 Ba6 30. b4 Bc4 31. Ne4 Ke6 32. Bd2 Bd8 33. Bc3 Kd5 34. g3 a5 35. Ke3 a4 36. Bb2 b5 37. Nc3+ Ke6 38. Ne4 Bb6+ 39. Nc5+ Kd5 40. f4 exf4+ 41. Kxf4 g6 42. Nd7 Bc7+ 43. Ke3 Ba2 44. Nc5 h5 45. Bf6 Bb1 46. Kd2 Kc4 47. Kc1 Bf5 48. Kb2 Bd6 49. Nb7 Bf8 50. Nc5 Bh6 51. Nb7 Kd5 52. Kc3 Be3 53. Nc5 Bg1 54. h4 Bf2 55. Kd2 Bxg3 56. Ke3 Kc4 57. Kf3 Bc7 58. Bg7 Bd8 59. Kg3 Be7 60. Be5 Kd5 61. Bf4 Bf6 62. Bc1 Be5+ 63. Kf3 Bg4+ 64. Kg2 Kc4 65. Kf1 Kc3 0-1

[Event "LES BETISES DE CAMBRAI - 2024"]
[Site "CAMBRAI, 1 rue du Temple"]
[Date "2024.06.30"]
[Round "2.5"]
[White "Lesueur, Gabriel"]
[Black "Muetsch, Annmarie"]
[Result "1/2-1/2"]
[WhiteElo "2240"]
[BlackElo "2290"]
[PlyCount "79"]
[EventDate "2024.??.??"]
[WhiteTeam "Lille Université Club Echiquier du Nord"]
[BlackTeam "Vandoeuvre-Echecs"]

1. e4 c5 2. Nf3 Nc6 3. Nc3 Nf6 4. d4 cxd4 5. Nxd4 e5 6. Ndb5 d6 7. Nd5 Nxd5 8. exd5 Nb8 9. a4 a6 10. Na3 Bf5 11. Be2 Be7 12. O-O O-O 13. Nc4 Nd7 14. a5 Rc8 15. c3 Bg6 16. f4 exf4 17. Bxf4 Qc7 18. Kh1 Nc5 19. Rc1 Ne4 20. Bd3 Rfe8 21. Nb6 Rcd8 22. c4 Qc5 23. Bxe4 Bxe4 24. Qd2 Bf6 25. Rfd1 Be5 26. Bxe5 Rxe5 27. b4 Qc7 28. c5 dxc5 29. Rxc5 Qd6 30. Rc8 Rxc8 31. Nxc8 Qd7 32. Qf4 Rxd5 33. Rxd5 Bxd5 34. Qb8 Bxg2+ 35. Kxg2 Qd2+ 36. Kf1 Qd1+ 37. Kf2 Qd2+ 38. Kf3 Qd3+ 39. Kf4 Qd4+ 40. Kf3 1/2-1/2

[Event "LES BETISES DE CAMBRAI - 2024"]
[Site "CAMBRAI, 1 rue du Temple"]
[Date "2024.06.30"]
[Round "3.1"]
[White "Boyer, Mahel"]
[Black "Lucas, Arthur"]
[Result "1-0"]
[WhiteElo "2455"]
[BlackElo "2323"]
[PlyCount "125"]
[EventDate "2024.??.??"]
[WhiteTeam "L'Echiquier du Roy René"]
[BlackTeam "L'Echiquier Châlonnais"]

1. e4 Nc6 2. Nf3 e5 3. Bc4 Nf6 4. d3 d5 5. exd5 Nxd5 6. Nc3 Be6 7. Ng5 Nxc3 8. Nxe6 Nxd1 9. Nxd8 Rxd8 10. Kxd1 Bc5 11. a4 O-O 12. f3 Rd6 13. c3 a5 14. Kc2 Rg6 15. g3 Rd8 16. Bd2 Kf8 17. Rae1 h6 18. Rhf1 Rd7 19. f4 exf4 20. Rxf4 Bd6 21. Rf5 b6 22. d4 Nd8 23. Kd3 Re7 24. Ref1 Ke8 25. b4 axb4 26. cxb4 c6 27. a5 b5 28. Bb3 Bb8 29. d5 cxd5 30. Bxd5 Ba7 31. Bf4 Rd7 32. Re1+ Kf8 33. Rfe5 Re6 34. Ke4 Rxe5+ 35. Bxe5 f5+ 36. Kxf5 Rxd5 37. Rf1 Ke8 38. Ke4 Rd7 39. Rc1 Ne6 40. Rc6 Kf7 41. h4 h5 42. Bd6 g6 43. Be5 Bd4 44. Rxe6 Kxe6 45. Bxd4 Rd6 46. Bc5 Rc6 47. Kd4 Kd7 48. Kd5 Rf6 49. Bd4 Rf5+ 50. Be5 Kc8 51. a6 Rf3 52. Kc6 Rf2 53. Bf4 Ra2 54. Kxb5 Ra1 55. Kb6 Re1 56. Bd6 Rd1 57. Bf4 Re1 58. b5 Rb1 59. Kc6 Ra1 60. b6 Rxa6 61. Bc7 g5 62. hxg5 h4 63. g6 1-0

[Event "LES BETISES DE CAMBRAI - 2024"]
[Site "CAMBRAI, 1 rue du Temple"]
[Date "2024.06.30"]
[Round "3.2"]
[White "Rodriguez, Adrien"]
[Black "Eugene, Floryan"]
[Result "1-0"]
[WhiteElo "2354"]
[BlackElo "2419"]
[PlyCount "103"]
[EventDate "2024.??.??"]
[WhiteTeam "J.E.E.N."]
[BlackTeam "Echiquier Club Le Mans"]

1. d4 f5 2. g3 Nf6 3. Bg2 g6 4. c4 Bg7 5. Nc3 d6 6. Nf3 O-O 7. O-O c6 8. d5 e5 9. dxe6 Bxe6 10. b3 Na6 11. Ng5 Bc8 12. Bb2 Qe7 13. Qc2 h6 14. Nf3 Be6 15. Nd4 Bf7 16. Rad1 Rfe8 17. Qc1 Nc5 18. Rfe1 Rac8 19. Qa1 a5 20. e3 Qc7 21. Nde2 Qe7 22. Nc1 g5 23. N1e2 Bg6 24. Nd4 Ng4 25. Re2 Rf8 26. Red2 f4 27. exf4 gxf4 28. Nf3 Bh5 29. Re1 Qf7 30. Ne4 fxg3 31. hxg3 Bxb2 32. Qxb2 Rce8 33. Nxc5 dxc5 34. Rde2 Rxe2 35. Rxe2 Re8 36. Rxe8+ Qxe8 37. Qd2 a4 38. Nh4 Qe5 39. Bf3 Qd4 40. Qe2 a3 41. Nf5 Qb2 42. Qe6+ Bf7 43. Qc8+ Kh7 44. Bxg4 Qxa2 45. Qxb7 Qa1+ 46. Kg2 Qf6 47. Qa7 h5 48. Bh3 Qe6 49. Qxa3 Qe4+ 50. Kh2 h4 51. Qxc5 Qf3 52. Nxh4 1-0

[Event "LES BETISES DE CAMBRAI - 2024"]
[Site "CAMBRAI, 1 rue du Temple"]
[Date "2024.06.30"]
[Round "3.3"]
[White "Dobrikov, Marco"]
[Black "Lesueur, Gabriel"]
[Result "1-0"]
[WhiteElo "2359"]
[BlackElo "2240"]
[PlyCount "59"]
[EventDate "2024.??.??"]
[BlackTeam "Lille Université Club Echiquier du Nord"]

1. d4 Nf6 2. c4 b6 3. Nc3 Bb7 4. d5 e6 5. a3 g6 6. e4 d6 7. Bd3 exd5 8. cxd5 Bg7 9. Nf3 O-O 10. O-O Re8 11. Bg5 c6 12. Rc1 h6 13. Bh4 a6 14. dxc6 Nxc6 15. Bc4 b5 16. Ba2 b4 17. axb4 g5 18. Bg3 Nxb4 19. Bxf7+ Kxf7 20. Qb3+ Kg6 21. Qxb4 Bxe4 22. Nxe4 Nxe4 23. Rfd1 Rb8 24. Qa4 Rxb2 25. Ne5+ Bxe5 26. Qxe4+ Kf6 27. f4 Qb6+ 28. Kh1 Bxf4 29. Qxe8 Bxc1 30. Rxd6+ 1-0

[Event "LES BETISES DE CAMBRAI - 2024"]
[Site "CAMBRAI, 1 rue du Temple"]
[Date "2024.06.30"]
[Round "3.4"]
[White "Mekhane, Adam"]
[Black "Van Foreest, Machteld"]
[Result "1/2-1/2"]
[WhiteElo "2307"]
[BlackElo "2312"]
[PlyCount "73"]
[EventDate "2024.??.??"]
[WhiteTeam "Tremblay Athletique Club - TAC Echecs"]

1. e4 c5 2. Nf3 e6 3. d4 cxd4 4. Nxd4 Nf6 5. Nc3 Nc6 6. a3 Be7 7. Nxc6 bxc6 8. e5 Nd5 9. Qg4 g6 10. Qg3 Qb6 11. h4 Nxc3 12. Qxc3 Bc5 13. Be3 Bxe3 14. fxe3 h5 15. O-O-O a5 16. Be2 a4 17. Qd4 Qxd4 18. exd4 Ba6 19. Bxa6 Rxa6 20. Rh3 Ke7 21. Rf3 Ra5 22. Rdf1 Rf8 23. c4 Ra7 24. c5 Rb7 25. R1f2 Rb5 26. Kc2 Rb7 27. Kc1 Rb5 28. Kc2 Rb7 29. Rf1 Rb5 30. b3 axb3+ 31. Kb2 Ra5 32. Rf4 Ra7 33. R1f3 Rb7 34. Rf1 Rb5 35. R4f3 Ra5 36. Rf4 Ra7 37. R1f3 1/2-1/2

[Event "LES BETISES DE CAMBRAI - 2024"]
[Site "CAMBRAI, 1 rue du Temple"]
[Date "2024.06.30"]
[Round "3.5"]
[White "Muetsch, Annmarie"]
[Black "Slagboom, Leandro"]
[Result "0-1"]
[WhiteElo "2290"]
[BlackElo "2325"]
[PlyCount "78"]
[EventDate "2024.??.??"]
[WhiteTeam "Vandoeuvre-Echecs"]

1. d4 Nf6 2. c4 e6 3. g3 c5 4. d5 exd5 5. cxd5 d6 6. Nc3 g6 7. Bg2 Bg7 8. Nf3 O-O 9. O-O Re8 10. Bf4 h6 11. Qc1 g5 12. Bd2 Bf5 13. h4 g4 14. Ne1 Kh7 15. Bf4 a6 16. a4 Bg6 17. Nc2 Nh5 18. e3 Qe7 19. a5 Nd7 20. Ra4 b5 21. axb6 Nxb6 22. Ra1 Nc4 23. Na3 Na5 24. Qd1 Rab8 25. Qxg4 Rxb2 26. Nab1 Rxb1 27. Raxb1 Bxc3 28. Rb6 Qc7 29. Rxa6 Rd8 30. e4 Bd4 31. Qe2 c4 32. Bxh6 Nxg3 33. Qd2 Nb3 34. Qg5 Nxf1 35. Kxf1 f6 36. Qf4 c3 37. Rc6 Qa7 38. Bf3 Nd2+ 39. Kg2 Nxf3 0-1

[Event "LES BETISES DE CAMBRAI - 2024"]
[Site "CAMBRAI, 1 rue du Temple"]
[Date "2024.07.01"]
[Round "4.1"]
[White "Boyer, Mahel"]
[Black "Rodriguez, Adrien"]
[Result "1/2-1/2"]
[WhiteElo "2455"]
[BlackElo "2354"]
[PlyCount "53"]
[EventDate "2024.??.??"]
[WhiteTeam "L'Echiquier du Roy René"]
[BlackTeam "J.E.E.N."]

{[%evp 0,53,16,28,46,15,18,1,-17,-21,-10,-8,-3,-3,47,2,48,40,38,43,44,44,33,35,33,33,37,42,42,41,54,54,44,48,54,36,28,37,55,54,47,36,55,45,47,-74,-74,-74,-74,-84,-93,-109,-87,-87,-87,-87]} 1. e4 c5 2. d3 Nc6 3. g3 d5 4. exd5 Qxd5 5. Nf3 Bg4 6. Bg2 Nf6 7. h3 Bxf3 8. Bxf3 Qd7 9. Bg2 e6 10. O-O Be7 11. a4 O-O 12. Na3 Rac8 13. Nc4 Nd5 14. c3 Rfd8 15. Qb3 Rb8 16. a5 b5 17. axb6 axb6 18. Qb5 Ne5 19. Qxd7 Nxd7 20. Ra7 Bf6 21. Rd1 Ne5 22. Be4 Nxc3 23. bxc3 Nxc4 24. Bf4 Nd6 25. Rc1 g5 26. Bxd6 Rxd6 27. Ra6 1/2-1/2

[Event "LES BETISES DE CAMBRAI - 2024"]
[Site "CAMBRAI, 1 rue du Temple"]
[Date "2024.07.01"]
[Round "4.2"]
[White "Slagboom, Leandro"]
[Black "Dobrikov, Marco"]
[Result "0-1"]
[WhiteElo "2325"]
[BlackElo "2359"]
[PlyCount "70"]
[EventDate "2024.??.??"]

{[%evp 0,63,19,29,52,51,70,39,55,39,50,42,31,24,24,-13,26,19,19,4,9,3,-9,-9,-9,-9,-17,3,-6,13,61,61,53,34,50,77,38,38,76,21,47,41,23,0,0,22,23,-45,-51,-51,-51,-53,-53,-54,-48,-111,-111,-91,-91,-91,-91,-91,-90,-125,-125,-173]} 1. e4 c5 2. Nf3 d6 3. Bb5+ Bd7 4. Bxd7+ Qxd7 5. O-O Nc6 6. c3 Nf6 7. d4 Nxe4 8. d5 Ne5 9. Re1 Nxf3+ 10. Qxf3 Nf6 11. c4 e5 12. dxe6 fxe6 13. Nc3 Be7 14. Bg5 O-O 15. Qh3 Rae8 16. Rxe6 Bd8 17. Rae1 Rxe6 18. Qxe6+ Qf7 19. Nb5 Qxe6 20. Rxe6 d5 21. Bxf6 Bxf6 22. cxd5 Bxb2 23. Re2 Bf6 24. Nxa7 Rd8 25. Kf1 Rxd5 26. Rc2 Kf7 27. Nc8 b5 28. Nb6 Rd1+ 29. Ke2 Rd6 30. Nc8 Re6+ 31. Kf1 Bd4 32. Re2 c4 33. Rd2 Bc3 34. Rd1 Bb4 35. Na7 c3 0-1

[Event "LES BETISES DE CAMBRAI - 2024"]
[Site "CAMBRAI, 1 rue du Temple"]
[Date "2024.07.01"]
[Round "4.3"]
[White "Eugene, Floryan"]
[Black "Mekhane, Adam"]
[Result "1-0"]
[WhiteElo "2419"]
[BlackElo "2307"]
[PlyCount "71"]
[EventDate "2024.??.??"]
[WhiteTeam "Echiquier Club Le Mans"]
[BlackTeam "Tremblay Athletique Club - TAC Echecs"]

{[%evp 0,71,16,-30,-40,-16,-22,-19,-9,-7,-11,-18,-25,-38,3,-28,-32,-82,-70,-12,-30,-35,-38,-18,15,15,15,-1,-13,0,0,-24,-7,-31,-6,-8,-4,-17,-2,5,-7,-2,3,-22,-1,-3,-3,-10,-14,-29,3,11,29,0,0,0,214,214,229,232,340,340,301,332,332,332,301,264,298,298,290,281,284,290]} 1. f4 d5 2. Nf3 Nf6 3. e3 c5 4. Be2 Nc6 5. O-O g6 6. d4 Bg7 7. c3 O-O 8. b3 b6 9. Bb2 Bb7 10. Bd3 a5 11. a4 Ba6 12. Bxa6 Rxa6 13. Na3 Ra8 14. Rc1 Qd7 15. Qe2 e6 16. Rfd1 cxd4 17. exd4 Ne4 18. c4 Qb7 19. Nb5 Rfd8 20. Ba3 Rac8 21. Ne5 Bf8 22. Bxf8 Kxf8 23. Qf3 Ne7 24. Rc2 Kg7 25. Rdc1 Nf5 26. c5 bxc5 27. dxc5 Rxc5 28. Rxc5 Qb6 29. Nd3 Rc8 30. b4 axb4 31. a5 Qxa5 32. Rxc8 Qxb5 33. Nc5 Nd4 34. Qd3 Ne2+ 35. Kf1 Qxd3 36. Nxd3 1-0

[Event "LES BETISES DE CAMBRAI - 2024"]
[Site "CAMBRAI, 1 rue du Temple"]
[Date "2024.07.01"]
[Round "4.4"]
[White "Lucas, Arthur"]
[Black "Lesueur, Gabriel"]
[Result "1/2-1/2"]
[WhiteElo "2323"]
[BlackElo "2240"]
[PlyCount "183"]
[EventDate "2024.??.??"]
[WhiteTeam "L'Echiquier Châlonnais"]
[BlackTeam "Lille Université Club Echiquier du Nord"]

{[%evp 0,86,19,21,50,39,48,29,54,22,43,22,46,4,19,29,12,-16,6,6,15,15,23,23,67,80,80,80,80,80,80,62,55,73,63,59,80,80,88,76,88,100,123,122,119,123,161,147,138,138,138,144,138,138,138,138,158,145,144,147,147,126,179,143,143,143,136,142,167,179,190,197,191,205,201,201,178,166,214,139,139,0,0,0,0,0,0,0,139]} 1. e4 e6 2. d4 d5 3. Nc3 Bb4 4. Nge2 Nc6 5. a3 Ba5 6. b4 Bb6 7. Bb2 Nge7 8. g3 e5 9. dxe5 Nxe5 10. Nf4 Bg4 11. Be2 Bxe2 12. Qxe2 Nc4 13. O-O-O Nxb2 14. Kxb2 d4 15. Ncd5 O-O 16. Qc4 Nxd5 17. Nxd5 c6 18. Nxb6 axb6 19. Qxd4 Qe7 20. Rhe1 c5 21. Qd6 Qe8 22. Qxb6 Qa4 23. Re3 Ra6 24. Qxb7 Ra7 25. Qb6 Ra6 26. Qxc5 Rc6 27. Qd4 Qxc2+ 28. Ka1 Qxf2 29. Qd2 Qf6+ 30. Qb2 Qe6 31. Rc1 Rxc1+ 32. Qxc1 Rc8 33. Rc3 Qf6 34. Kb2 h5 35. Qe3 Rd8 36. e5 Qf5 37. Qf4 Qd7 38. h4 Qd5 39. Qg5 Qd1 40. Rc2 Qd4+ 41. Kb1 Qd3 42. Kb2 Qd4+ 43. Rc3 Qd1 44. Qf5 Qd2+ 45. Qc2 Qe1 46. Rc8 Qxe5+ 47. Qc3 Qe2+ 48. Ka1 Qd1+ 49. Qc1 Qd4+ 50. Ka2 Qd5+ 51. Qc4 Qd2+ 52. Kb3 Qd1+ 53. Kb2 Qd2+ 54. Qc2 Qd4+ 55. Kb1 Rxc8 56. Qxc8+ Kh7 57. Qf5+ Kg8 58. Qc8+ Kh7 59. Qf5+ Kg8 60. Qf3 Qd2 61. b5 Qd4 62. Qb3 Qg1+ 63. Kb2 Qf2+ 64. Kb1 Qe1+ 65. Kb2 Qf2+ 66. Kc3 Qxg3+ 67. Kb4 Qe1+ 68. Kc5 Qe5+ 69. Kc6 Qe8+ 70. Kc7 Qe7+ 71. Kc6 Qe8+ 72. Kb7 Qd7+ 73. Ka6 Qc8+ 74. Ka5 Qa8+ 75. Kb4 Qf8+ 76. Kc4 Qc8+ 77. Kd4 Qd8+ 78. Kc3 Qf6+ 79. Kc2 Qf2+ 80. Kb1 Qe1+ 81. Kb2 Qe5+ 82. Ka2 Qe2+ 83. Qb2 Qc4+ 84. Ka1 Qf1+ 85. Qb1 Qf6+ 86. Ka2 Qe6+ 87. Qb3 Qe2+ 88. Kb1 Qe1+ 89. Kc2 Qe2+ 90. Kc3 Qe3+ 91. Kb4 Qe4+ 92. Ka5 1/2-1/2

[Event "LES BETISES DE CAMBRAI - 2024"]
[Site "CAMBRAI, 1 rue du Temple"]
[Date "2024.07.01"]
[Round "4.5"]
[White "Van Foreest, Machteld"]
[Black "Muetsch, Annmarie"]
[Result "0-1"]
[WhiteElo "2312"]
[BlackElo "2290"]
[PlyCount "54"]
[EventDate "2024.??.??"]
[BlackTeam "Vandoeuvre-Echecs"]

{[%evp 0,54,19,21,75,63,72,67,103,36,29,12,45,39,47,30,7,9,26,16,111,27,27,70,116,144,145,154,153,74,74,79,79,79,79,57,79,62,65,64,64,64,107,115,134,55,181,158,133,69,162,111,319,-240,-240,-351,-302]} 1. e4 d6 2. d4 Nf6 3. Nc3 e5 4. Nge2 Be7 5. h3 h5 6. Be3 c6 7. a4 Qa5 8. Qd2 Na6 9. f4 b5 10. fxe5 dxe5 11. dxe5 b4 12. exf6 bxc3 13. Nxc3 Bxf6 14. Bc4 Qb4 15. Bb3 Nc5 16. O-O Nxb3 17. cxb3 Be5 18. Qf2 Be6 19. Bc5 Qxb3 20. Rad1 Qb8 21. Nd5 Qb7 22. Ne7 Qc7 23. Nf5 Rd8 24. b4 Bc4 25. Qg3 Rd7 26. Nd6+ Qxd6 27. Qg5 Qe6 0-1

[Event "LES BETISES DE CAMBRAI - 2024"]
[Site "CAMBRAI, 1 rue du Temple"]
[Date "2024.07.01"]
[Round "5.1"]
[White "Dobrikov, Marco"]
[Black "Van Foreest, Machteld"]
[Result "1/2-1/2"]
[WhiteElo "2359"]
[BlackElo "2312"]
[PlyCount "38"]
[EventDate "2024.??.??"]

{[%evp 0,38,13,13,13,10,35,10,24,17,3,1,15,2,21,7,31,-26,-8,-16,0,-14,14,1,16,-18,-10,-17,-23,-44,-30,-29,-15,-10,-6,-33,-33,-56,-41,-46,-13]} 1. e4 e5 2. Nf3 Nc6 3. Bc4 Bc5 4. O-O Nf6 5. d3 d6 6. c3 O-O 7. Nbd2 a6 8. Bb3 Ba7 9. h3 h6 10. Re1 Re8 11. Nf1 Be6 12. Ng3 d5 13. Qe2 Qd7 14. Nh4 dxe4 15. Bxe6 Rxe6 16. dxe4 Rd8 17. Be3 Bxe3 18. Qxe3 Qd2 19. Nhf5 Qxe3 1/2-1/2

[Event "LES BETISES DE CAMBRAI - 2024"]
[Site "CAMBRAI, 1 rue du Temple"]
[Date "2024.07.01"]
[Round "5.2"]
[White "Mekhane, Adam"]
[Black "Boyer, Mahel"]
[Result "0-1"]
[WhiteElo "2307"]
[BlackElo "2455"]
[PlyCount "78"]
[EventDate "2024.??.??"]
[WhiteTeam "Tremblay Athletique Club - TAC Echecs"]
[BlackTeam "L'Echiquier du Roy René"]

1. d4 e6 2. e4 d5 3. Nd2 c5 4. exd5 exd5 5. Ngf3 a6 6. dxc5 Bxc5 7. Nb3 Bd6 8. Bd3 Nf6 9. Qe2+ Be7 10. h3 O-O 11. O-O Re8 12. Be3 Nc6 13. c3 Bd6 14. Qc2 Ne4 15. Nfd2 Bf5 16. Bxe4 dxe4 17. Nc4 Bc7 18. Nd4 Nxd4 19. cxd4 Rc8 20. Qe2 Qd5 21. Rfc1 Be6 22. Rc3 b5 23. Nd2 Bd6 24. a4 Rxc3 25. bxc3 Qc6 26. axb5 axb5 27. Rb1 Rb8 28. h4 Ba2 29. Rc1 b4 30. Nb1 b3 31. Qb2 f5 32. c4 f4 33. d5 Qd7 34. c5 Qg4 35. f3 exf3 36. Bd4 Re8 37. Qf2 b2 38. Bxb2 Bxc5 39. Rc2 Re2 0-1

[Event "LES BETISES DE CAMBRAI - 2024"]
[Site "CAMBRAI, 1 rue du Temple"]
[Date "2024.07.01"]
[Round "5.3"]
[White "Rodriguez, Adrien"]
[Black "Lucas, Arthur"]
[Result "1-0"]
[WhiteElo "2354"]
[BlackElo "2323"]
[PlyCount "103"]
[EventDate "2024.??.??"]
[WhiteTeam "J.E.E.N."]
[BlackTeam "L'Echiquier Châlonnais"]

1. d4 Nf6 2. c4 c5 3. d5 g6 4. Nc3 Bg7 5. Nf3 d6 6. g3 O-O 7. Bg2 e6 8. O-O Re8 9. dxe6 Bxe6 10. Ng5 Nc6 11. Nxe6 fxe6 12. Nb5 d5 13. Bf4 dxc4 14. Nc7 Nd5 15. Nxe8 Qxe8 16. Bxd5 exd5 17. Qxd5+ Qf7 18. Qxf7+ Kxf7 19. Rfd1 Ke8 20. Rab1 b5 21. Rd5 Bd4 22. e3 Ne7 23. Rd6 Bg7 24. Kf1 b4 25. Ra6 Nd5 26. Bd6 c3 27. e4 Nb6 28. bxc3 Nc4 29. Ke2 Nxd6 30. Rxd6 Bxc3 31. Kd3 Ke7 32. Rd5 Rc8 33. Kc4 Bd4 34. f4 a5 35. Rd1 a4 36. Rd3 Rb8 37. R5xd4 cxd4 38. Rxd4 b3 39. axb3 Rxb3 40. Rd3 Rb2 41. h4 Ra2 42. Kd5 a3 43. Ke5 Ra1 44. Rb3 Kd7 45. Rb7+ Kc6 46. Ra7 Kb6 47. Ra8 Kb5 48. Kf6 Kb4 49. e5 Rc1 50. e6 Rc6 51. Kf7 Kb3 52. e7 1-0